000 00337nam a22001337a 4500
005 20230818140844.0
008 230818b |||||||| |||| 00| 0 eng d
040 _aLoreto college
041 _aEnglish
082 _a320
_bAYR
245 _aPower realignments in Asia
_bChina, India and the United States
850 _aLCLIB
942 _cBK
999 _c43528
_d94007